| 000 | 00715nam a2200217 i 4500 | ||
|---|---|---|---|
| 001 | 85580 | ||
| 003 | ES-MaACL | ||
| 005 | 20250828004904.0 | ||
| 007 | t| | ||
| 008 | 041129s1980 sp ||||1| spa d | ||
| 100 | 1 |
_aJuif, Paul. _967205 |
|
| 245 | 1 | 0 |
_aGrandes orientaciones de la pedagogía contemporánea / _c[textos recopilados por] Paul Juif, Louis Legrand ; [traducción de Mª Teresa Palacios]. |
| 260 |
_aMadrid : _bNarcea, _c[1980] |
||
| 300 |
_a398 p. ; _c24 cm. |
||
| 504 | _aBibliografía: p. 167-171. | ||
| 650 | 0 | 7 |
_aPedagogía _2embne _915904 |
| 700 | 1 |
_aLegrand, Louis. _971297 |
|
| 700 | 1 |
_aPalacios, María Teresa. _988413 |
|
| 852 |
_aES-MaACL _jC-28995 _bR.100221 |
||
| 999 |
_c85580 _d85580 |
||